000
00302nam a22001337a 4500
008
180104b xxu||||| |||| 00| 0 eng d
020
_a
9780822014164
041
_a
eng
080
_a
82
100
_a
21
101
_a
GJU
245
_a
HAMLET COMPLETE STUDY EDITION
_c
WILLIAM.SH
942
_2
udc
_c
BK
999
_c
39774
_d
39774